000 00522nam a2200205Ia 4500
003 0100
008 130227s9999 xx 000 0 und d
040 _cARRUPELIB
050 _aBF173 F576 V.1
100 _aSigmund, Freud
245 _aIntroductory lectures on psychoanalysis
260 _aMiddlesex, England
260 _bPenguin Books
260 _C1979
300 _a18cm.
300 _b 557p.
650 _bClothing and dresses--Terminology
650 _cClothing and dresses--Psychology
942 _2lcc
_03
999 _c3620
_d3620